[Event "2. BUNDESLIGA MITTE 2014/2015"]
[Site "St. Veit"]
[Date "2015.02.27"]
[Round "6"]
[Board "3"]
[White "Wertjanz, David"]
[Black "Wegerer, Fred"]
[Result "1/2-1/2"]
[WhiteElo "2242"]
[BlackElo "2157"]
[PlyCount "139"]
[EventDate "2014.10.03"]
[EventType "team"]
[EventRounds "11"]
[EventCountry "AUT"]
[WhiteTeam "SC Die Klagenfurter"]
[BlackTeam "RbEJ Gleisdorf"]

1. e4 c5 2. Nf3 e6 3. d4 cxd4 4. Nxd4 a6 5. Bd3 Ne7 6. O-O g6 7. c4 Bg7 8. Be3
O-O 9. Nc3 d5 10. exd5 exd5 11. c5 Nbc6 12. Nxc6 bxc6 13. Na4 Ra7 14. Re1 Nf5
15. Bf4 Re8 16. Qd2 Rae7 17. Rxe7 Qxe7 18. Nb6 Qxc5 19. Nxc8 Rxc8 20. Bxa6 Re8
21. Rc1 Qb6 22. Bd3 Nd4 23. h4 c5 24. b3 Ne6 25. Bg3 Ra8 26. Bb1 Bd4 27. h5 Qd8
28. hxg6 hxg6 29. Re1 Qf6 30. Rc1 Ng7 31. Qf4 Qe6 32. Qd6 Re8 33. Qxe6 Rxe6 34.
a4 Re2 35. Bd3 Ra2 36. Bf1 Nf5 37. Kh2 Nxg3 38. Kxg3 Rb2 39. a5 Rxb3+ 40. f3
Ra3 41. a6 Kg7 42. Rb1 Be5+ 43. Kf2 Ra2+ 44. Be2 c4 45. Rb5 Bd4+ 46. Ke1 Bc3+
47. Kf1 Ra1+ 48. Kf2 Be1+ 49. Ke3 Rxa6 50. Bd1 Rd6 51. Kd4 Bf2+ 52. Ke5 Rd8 53.
Rxd5 f6+ 54. Ke4 f5+ 55. Ke5 Re8+ 56. Kf4 Re1 57. Ba4 Be3+ 58. Kg3 Kf6 59. Rd6+
Kg5 60. Rc6 Rc1 61. Bb5 f4+ 62. Kh2 Bg1+ 63. Kh3 Bf2 64. g4 fxg3 65. Rxc4 Rh1+
66. Kg2 Rh2+ 67. Kf1 Rh1+ 68. Kg2 Rh2+ 69. Kf1 Rh1+ 70. Kg2 1/2-1/2

[Event "2. BUNDESLIGA MITTE 2014/2015"]
[Site "St. Veit"]
[Date "2015.02.27"]
[Round "6"]
[Board "4"]
[White "Sandner, Wolfgang"]
[Black "Titz, Heimo"]
[Result "1-0"]
[WhiteElo "2236"]
[BlackElo "2120"]
[PlyCount "71"]
[EventDate "2014.10.03"]
[EventType "team"]
[EventRounds "11"]
[EventCountry "AUT"]
[WhiteTeam "RbEJ Gleisdorf"]
[BlackTeam "SC Die Klagenfurter"]

1. e4 c5 2. Nf3 e6 3. d3 d5 4. Nbd2 Nc6 5. g3 Nf6 6. Bg2 Be7 7. O-O O-O 8. e5
Nd7 9. Re1 b5 10. Nf1 Qc7 11. Bf4 Nb6 12. h4 d4 13. h5 Nd5 14. Bd2 c4 15. h6 g6
16. a3 c3 17. Bc1 Bb7 18. b3 Rad8 19. N1h2 Bc8 20. Ng4 f5 21. exf6 Nxf6 22. Bf4
Qb6 23. Nge5 Nxe5 24. Bxe5 a5 25. Bh3 Bb7 26. Qe2 Bc8 27. Bf4 Nd5 28. Be5 Nf6
29. Ng5 Ne8 30. f4 Bf6 31. Bxf6 Rxf6 32. Bxe6+ Bxe6 33. Nxe6 Rc8 34. Ng5 Nd6
35. Qe7 Rf7 36. Nxf7 1-0

[Event "2. BUNDESLIGA MITTE 2014/2015"]
[Site "St. Veit"]
[Date "2015.02.27"]
[Round "6"]
[Board "5"]
[White "Jakits, Leopold"]
[Black "Ofner, Maximilian"]
[Result "1-0"]
[WhiteElo "2134"]
[BlackElo "2142"]
[PlyCount "57"]
[EventDate "2014.10.03"]
[EventType "team"]
[EventRounds "11"]
[EventCountry "AUT"]
[WhiteTeam "SC Die Klagenfurter"]
[BlackTeam "RbEJ Gleisdorf"]

1. e4 c6 2. d4 d5 3. exd5 cxd5 4. c4 Nf6 5. Nc3 Nc6 6. Bg5 dxc4 7. Bxc4 h6 8.
Bf4 e6 9. Nf3 Be7 10. O-O O-O 11. Re1 Nb4 12. Qd2 Nbd5 13. Bxh6 gxh6 14. Qxh6
Nxc3 15. bxc3 Ne8 16. Re4 Ng7 17. Rg4 Bf6 18. Ng5 Bxg5 19. Rxg5 Qxg5 20. Qxg5
Bd7 21. Re1 Rac8 22. Qe7 Bc6 23. Re3 Rce8 24. Qh4 f5 25. Qh6 Kf7 26. Rg3 Rg8
27. h4 f4 28. Qxf4+ Nf5 29. Qxf5+ 1-0

[Event "2. BUNDESLIGA MITTE 2014/2015"]
[Site "St. Veit"]
[Date "2015.02.27"]
[Round "6"]
[Board "6"]
[White "Wanderer, Thomas"]
[Black "Hackl, David"]
[Result "1/2-1/2"]
[WhiteElo "2164"]
[BlackElo "1949"]
[PlyCount "60"]
[EventDate "2014.10.03"]
[EventType "team"]
[EventRounds "11"]
[EventCountry "AUT"]
[WhiteTeam "RbEJ Gleisdorf"]
[BlackTeam "SC Die Klagenfurter"]

1. e4 c5 2. Nc3 Nc6 3. g3 g6 4. Bg2 Bg7 5. d3 d6 6. Be3 e5 7. Qd2 Nge7 8. Bh6
Bxh6 9. Qxh6 Nd4 10. Qd2 h5 11. O-O-O h4 12. h3 hxg3 13. fxg3 Be6 14. Nd5 Nxd5
15. exd5 Bd7 16. g4 f5 17. gxf5 gxf5 18. c3 Nb5 19. Kb1 Qf6 20. Nf3 O-O-O 21.
h4 Nc7 22. Ng5 Rdg8 23. Rdf1 Ne8 24. Qf2 Ng7 25. Bh3 Rf8 26. Rh2 Kb8 27. Rg2
Nh5 28. d4 cxd4 29. cxd4 Nf4 30. dxe5 dxe5 1/2-1/2

[Event "2. BUNDESLIGA MITTE 2014/2015"]
[Site "St. Veit"]
[Date "2015.02.27"]
[Round "6"]
[Board "1"]
[White "Felsberger, Alfred"]
[Black "Poetz, Florian"]
[Result "1/2-1/2"]
[WhiteElo "2342"]
[BlackElo "2390"]
[PlyCount "59"]
[EventDate "2014.10.03"]
[EventType "team"]
[EventRounds "11"]
[EventCountry "AUT"]
[WhiteTeam "Union Ansfelden"]
[BlackTeam "Spg.Sparkasse Fuerstenfeld/Hartberg"]

1. e4 c5 2. Nf3 e6 3. d4 cxd4 4. Nxd4 a6 5. Nc3 Qc7 6. Be2 b5 7. O-O Bb7 8. Bf3
d6 9. Re1 Nf6 10. a4 bxa4 11. Rxa4 Nbd7 12. Nb3 Nb6 13. Rb4 d5 14. Bf4 Qxf4 15.
Rxb6 Qc7 16. Rxb7 Qxb7 17. exd5 Rd8 18. Qa1 Bb4 19. dxe6 Qb6 20. Na4 Qc7 21. c3
Bd6 22. g3 O-O 23. Nd4 Rde8 24. Qd1 Be5 25. exf7+ Qxf7 26. Re3 Ng4 27. Rd3 Bc7
28. Kg2 Ne5 29. Re3 Nxf3 30. Rxf3 1/2-1/2

[Event "2. BUNDESLIGA MITTE 2014/2015"]
[Site "St. Veit"]
[Date "2015.02.27"]
[Round "6"]
[Board "2"]
[White "Kuba, Guenter"]
[Black "Ennsberger, Ulrich"]
[Result "1/2-1/2"]
[WhiteElo "2374"]
[BlackElo "2343"]
[PlyCount "51"]
[EventDate "2014.10.03"]
[EventType "team"]
[EventRounds "11"]
[EventCountry "AUT"]
[WhiteTeam "Spg.Sparkasse Fuerstenfeld/Hartberg"]
[BlackTeam "Union Ansfelden"]

1. e4 g6 2. d4 Bg7 3. Nc3 a6 4. Be3 d6 5. Bd3 Nf6 6. h3 O-O 7. Nf3 Nc6 8. O-O
e5 9. Re1 exd4 10. Nxd4 Nxd4 11. Bxd4 b6 12. Nd5 Nxd5 13. Bxg7 Kxg7 14. exd5
Qf6 15. c3 Bd7 16. Qd2 a5 17. Re4 Rae8 18. Rae1 Rxe4 19. Rxe4 Re8 20. Qe3 Rxe4
21. Qxe4 Bf5 22. Qf3 Bd7 23. Qe4 Bf5 24. Qf3 Bd7 25. Qe4 Bf5 26. Qf3 1/2-1/2

[Event "2. BUNDESLIGA MITTE 2014/2015"]
[Site "St. Veit"]
[Date "2015.02.27"]
[Round "6"]
[Board "3"]
[White "Moser, Guenter"]
[Black "Kiss, Attila"]
[Result "1/2-1/2"]
[WhiteElo "2352"]
[BlackElo "2383"]
[PlyCount "76"]
[EventDate "2014.10.03"]
[EventType "team"]
[EventRounds "11"]
[EventCountry "AUT"]
[WhiteTeam "Union Ansfelden"]
[BlackTeam "Spg.Sparkasse Fuerstenfeld/Hartberg"]

1. d4 Nf6 2. c4 e6 3. Nf3 b6 4. a3 Bb7 5. Nc3 d5 6. Bg5 Be7 7. e3 Nbd7 8. b4
dxc4 9. Bxc4 O-O 10. O-O c5 11. bxc5 bxc5 12. Ne2 Qa5 13. Qe1 Qxe1 14. Rfxe1
Rfc8 15. Bb5 Kf8 16. a4 a6 17. Bd3 Be4 18. Bxe4 Nxe4 19. Bxe7+ Kxe7 20. Red1 c4
21. Ne1 Rab8 22. Ra2 Rb3 23. Rc1 Nd6 24. Nc3 Nf6 25. a5 Rcb8 26. Kf1 Nd5 27.
Na4 Rb1 28. Ra1 Rxc1 29. Rxc1 Rb5 30. Nc5 Rxa5 31. e4 Nb6 32. Nf3 f6 33. Ke2 e5
34. Ke3 Ra3+ 35. Ke2 Ra2+ 36. Ke3 Ra3+ 37. Ke2 Ra2+ 38. Ke3 Ra3+ 1/2-1/2

[Event "2. BUNDESLIGA MITTE 2014/2015"]
[Site "St. Veit"]
[Date "2015.02.27"]
[Round "6"]
[Board "4"]
[White "Stradner, Stefan"]
[Black "Weiss, Christian"]
[Result "1/2-1/2"]
[WhiteElo "2190"]
[BlackElo "2382"]
[PlyCount "84"]
[EventDate "2014.10.03"]
[EventType "team"]
[EventRounds "11"]
[EventCountry "AUT"]
[WhiteTeam "Spg.Sparkasse Fuerstenfeld/Hartberg"]
[BlackTeam "Union Ansfelden"]

1. Nf3 Nf6 2. c4 g6 3. b4 Bg7 4. Bb2 O-O 5. g3 d5 6. cxd5 a5 7. b5 Nxd5 8. Bxg7
Kxg7 9. Qb3 a4 10. Qb2+ f6 11. Bg2 c6 12. bxc6 Nxc6 13. Nd4 Nxd4 14. Qxd4 Be6
15. Na3 Bf7 16. O-O e5 17. Qb2 Rb8 18. d4 exd4 19. Qxd4 Qb6 20. Qxb6 Nxb6 21.
Rfd1 Nc4 22. Nb5 Rfd8 23. Be4 f5 24. Bc2 Be8 25. Nc7 Rxd1+ 26. Rxd1 b5 27.
Nxe8+ Rxe8 28. Rd7+ Kh6 29. Bd3 Ne5 30. Rb7 Nxd3 31. exd3 Rd8 32. Rxb5 Rxd3 33.
Rb7 Rd1+ 34. Kg2 Rd2 35. Ra7 Rxa2 36. h4 a3 37. Kf3 g5 38. hxg5+ Kxg5 39. Rxh7
Rb2 40. Ra7 a2 41. Ra3 Kh5 42. Kg2 Kg5 1/2-1/2

[Event "2. BUNDESLIGA MITTE 2014/2015"]
[Site "St. Veit"]
[Date "2015.02.27"]
[Round "6"]
[Board "5"]
[White "Mostbauer, Maximilian"]
[Black "Hatzl, Johannes"]
[Result "1/2-1/2"]
[WhiteElo "2184"]
[BlackElo "2101"]
[PlyCount "129"]
[EventDate "2014.10.03"]
[EventType "team"]
[EventRounds "11"]
[EventCountry "AUT"]
[WhiteTeam "Union Ansfelden"]
[BlackTeam "Spg.Sparkasse Fuerstenfeld/Hartberg"]

1. d4 d5 2. Nf3 c6 3. c4 e6 4. Nc3 dxc4 5. a4 Bb4 6. e3 b5 7. Bd2 a5 8. axb5
Bxc3 9. Bxc3 cxb5 10. b3 Bb7 11. bxc4 b4 12. Bb2 Nf6 13. Bd3 Ne4 14. h4 O-O 15.
Ng5 Nf6 16. e4 h6 17. e5 Nfd7 18. Qh5 Qe7 19. Nh7 a4 20. Bc1 f5 21. exf6 Rxf6
22. Bg5 Qf7 23. Nxf6+ Nxf6 24. Qxf7+ Kxf7 25. Bxf6 Kxf6 26. Ke2 b3 27. Ra3 Nc6
28. Re1 Nxd4+ 29. Ke3 Rd8 30. Rxa4 Bxg2 31. Rg1 Bb7 32. Rg6+ Kf7 33. Ra7 Rd7
34. Rxb7 Rxb7 35. Kxd4 Rd7+ 36. Kc3 Rxd3+ 37. Kxd3 Kxg6 38. Kc3 b2 39. Kxb2 Kf6
40. Kc3 g5 41. h5 Ke5 42. Kb4 Kd6 43. Kb5 Kc7 44. Kc5 g4 45. Kd4 Kd6 46. c5+
Kc6 47. Ke5 Kxc5 48. Kxe6 Kd4 49. Kf5 Kd5 50. Kxg4 Ke5 51. f3 Ke6 52. Kg3 Kf5
53. f4 Ke6 54. Kf2 Kf6 55. Ke3 Kf5 56. Kf3 Kf6 57. Ke4 Ke6 58. f5+ Kf6 59. Kf4
Kf7 60. Ke5 Ke7 61. f6+ Kf8 62. Ke6 Ke8 63. Ke5 Kf8 64. Kf4 Ke8 65. Ke5 1/2-1/2

[Event "2. BUNDESLIGA MITTE 2014/2015"]
[Site "St. Veit"]
[Date "2015.02.28"]
[Round "7"]
[Board "1"]
[White "Krebs, Johann"]
[Black "Schmidt, Peter"]
[Result "0-1"]
[WhiteElo "2265"]
[BlackElo "2388"]
[PlyCount "48"]
[EventDate "2014.10.03"]
[EventType "team"]
[EventRounds "11"]
[EventCountry "AUT"]
[WhiteTeam "Strassenbahn Graz"]
[BlackTeam "Spg. Sauwald"]

1. d4 Nf6 2. c4 g6 3. Nc3 Bg7 4. e4 d6 5. Be2 O-O 6. Nf3 c5 7. O-O cxd4 8. Nxd4
Nc6 9. Be3 Bd7 10. Qd2 Nxd4 11. Bxd4 Bc6 12. f3 a5 13. b3 Nd7 14. Be3 Nc5 15.
Rab1 e6 16. Rfd1 Be5 17. Bf1 Qh4 18. h3 Qg3 19. Bh6 f5 20. Rbc1 fxe4 21. f4
Rxf4 22. Ne2 Qf2+ 23. Kh1 e3 24. Qe1 Rh4 0-1

[Event "2. BUNDESLIGA MITTE 2014/2015"]
[Site "St. Veit"]
[Date "2015.02.28"]
[Round "7"]
[Board "2"]
[White "Renner, Christoph"]
[Black "Pesorda, Ivan"]
[Result "1-0"]
[WhiteElo "2351"]
[BlackElo "2236"]
[PlyCount "79"]
[EventDate "2014.10.03"]
[EventType "team"]
[EventRounds "11"]
[EventCountry "AUT"]
[WhiteTeam "Spg. Sauwald"]
[BlackTeam "Strassenbahn Graz"]

1. d4 Nf6 2. Bf4 c5 3. e3 Qb6 4. Nc3 e6 5. Rb1 a6 6. Nf3 d5 7. Be2 Nc6 8. O-O
Qd8 9. Ne5 Be7 10. Bf3 Nxe5 11. Bxe5 b5 12. e4 b4 13. exd5 bxc3 14. d6 Ra7 15.
dxc5 Bf8 16. Qd4 Nd7 17. Bg3 Qf6 18. Qa4 cxb2 19. Rfd1 g5 20. c6 Bg7 21. cxd7+
Bxd7 22. Qb4 O-O 23. Qb6 Raa8 24. Bxa8 Rxa8 25. c4 Ba4 26. d7 Bxd1 27. Rxd1 Bf8
28. Bc7 Be7 29. d8=Q+ Bxd8 30. Bxd8 b1=Q 31. Qxb1 Rxd8 32. Rxd8+ Qxd8 33. c5
Qd5 34. Qc1 Kf8 35. c6 Qd8 36. c7 Qc8 37. Qc5+ Ke8 38. Qc6+ Ke7 39. g3 h5 40.
Kg2 1-0

[Event "2. BUNDESLIGA MITTE 2014/2015"]
[Site "St. Veit"]
[Date "2015.02.28"]
[Round "7"]
[Board "3"]
[White "Steiner, Stefan"]
[Black "Hiermann, Dietmar"]
[Result "1/2-1/2"]
[WhiteElo "2269"]
[BlackElo "2290"]
[PlyCount "113"]
[EventDate "2014.10.03"]
[EventType "team"]
[EventRounds "11"]
[EventCountry "AUT"]
[WhiteTeam "Strassenbahn Graz"]
[BlackTeam "Spg. Sauwald"]

1. Nf3 Nf6 2. d4 d5 3. c4 e6 4. g3 Be7 5. Bg2 O-O 6. O-O Nbd7 7. Qc2 c6 8. Nbd2
Re8 9. e4 dxe4 10. Nxe4 Nxe4 11. Qxe4 Qc7 12. Bf4 Bd6 13. Bxd6 Qxd6 14. c5 Qc7
15. Ne5 Rd8 16. Rfd1 Nf6 17. Qc2 Bd7 18. a3 Be8 19. Rac1 Rab8 20. b4 Nd5 21.
Nc4 Rd7 22. Nd6 a6 23. Bxd5 cxd5 24. f4 g6 25. Nxb7 Rc8 26. c6 Re7 27. Qc5 Bxc6
28. Nd6 Rd8 29. Nxf7 Kxf7 30. Qxc6 Qa7 31. Rc5 h5 32. h4 Rb8 33. Qd6 Rb6 34.
Qe5 Qd7 35. Rdc1 Qa4 36. R5c3 a5 37. Qh8 Qe8 38. Qh7+ Kf6 39. Qh6 Rb8 40. bxa5
Qa4 41. Qg5+ Kf7 42. Qe5 Rbe8 43. Kg2 Qxa5 44. Kh3 Qb5 45. Qe1 Qa4 46. Qd2 Rb8
47. Qe3 Qb5 48. Re1 Qb2 49. Re2 Qb1 50. Rc1 Qb3 51. Rc3 Qb1 52. Rc1 Qb3 53. Qe5
Qxa3 54. Rc7 Rb6 55. Rec2 Rb7 56. Rxe7+ Rxe7 57. Rc7 1/2-1/2

[Event "2. BUNDESLIGA MITTE 2014/2015"]
[Site "St. Veit"]
[Date "2015.02.28"]
[Round "7"]
[Board "4"]
[White "Testor, Sebastian"]
[Black "Teuschler, Barbara"]
[Result "1/2-1/2"]
[WhiteElo "2286"]
[BlackElo "2174"]
[PlyCount "74"]
[EventDate "2014.10.03"]
[EventType "team"]
[EventRounds "11"]
[EventCountry "AUT"]
[WhiteTeam "Spg. Sauwald"]
[BlackTeam "Strassenbahn Graz"]

1. Nf3 d5 2. c4 dxc4 3. Na3 a6 4. Nxc4 b5 5. Ne3 Bb7 6. b3 Nf6 7. Bb2 e6 8. g3
Bd6 9. Bg2 O-O 10. O-O Nbd7 11. d4 c5 12. Rc1 Qb6 13. Qd2 Rfd8 14. Rfd1 Rac8
15. Qe1 h6 16. Qf1 cxd4 17. Rxc8 Rxc8 18. Nxd4 Ne4 19. Rc1 Rd8 20. Rd1 Ndf6 21.
Ndc2 Bc5 22. Rxd8+ Qxd8 23. b4 Bb6 24. Qd1 Qc7 25. Qd3 Qb8 26. Bd4 Bxd4 27.
Nxd4 Qc7 28. Nb3 Nd6 29. Nc5 Bxg2 30. Kxg2 Qc6+ 31. f3 a5 32. a3 axb4 33. axb4
Nd5 34. Nxd5 exd5 35. Qd4 Nb7 36. Nxb7 Qxb7 37. Qc5 Qd7 1/2-1/2

[Event "2. BUNDESLIGA MITTE 2014/2015"]
[Site "St. Veit"]
[Date "2015.02.28"]
[Round "7"]
[Board "5"]
[White "Detter, Peter"]
[Black "Hellmayr, Alois"]
[Result "1/2-1/2"]
[WhiteElo "2040"]
[BlackElo "2237"]
[PlyCount "81"]
[EventDate "2014.10.03"]
[EventType "team"]
[EventRounds "11"]
[EventCountry "AUT"]
[WhiteTeam "Strassenbahn Graz"]
[BlackTeam "Spg. Sauwald"]

1. Nf3 c5 2. c4 Nc6 3. Nc3 Nf6 4. d4 cxd4 5. Nxd4 g6 6. e4 d6 7. Be2 Bg7 8. Be3
Bd7 9. O-O O-O 10. Qd2 Re8 11. f3 a6 12. Rac1 Rb8 13. Rfd1 Nxd4 14. Bxd4 Bc6
15. Nd5 Nd7 16. b4 b6 17. Bxg7 Kxg7 18. f4 a5 19. a3 axb4 20. axb4 Ra8 21. Ra1
Rxa1 22. Rxa1 Qb8 23. Nc3 Kg8 24. Bd3 Nf6 25. Qe3 Nd7 26. Qf2 Kg7 27. h3 Qc7
28. Qb2 Kg8 29. Qf2 e5 30. f5 f6 31. g4 Kg7 32. Ra6 Ra8 33. Rxa8 Bxa8 34. Nb5
Qb8 35. Qa2 Bc6 36. Nc3 Qc7 37. Qd2 g5 38. h4 h6 39. h5 Kf8 40. Kf2 Ke7 41. Ke2
 1/2-1/2

[Event "2. BUNDESLIGA MITTE 2014/2015"]
[Site "St. Veit"]
[Date "2015.02.28"]
[Round "7"]
[Board "6"]
[White "Taggatz, Mario"]
[Black "Kainz, Josef"]
[Result "1-0"]
[WhiteElo "2193"]
[BlackElo "1943"]
[PlyCount "59"]
[EventDate "2014.10.03"]
[EventType "team"]
[EventRounds "11"]
[EventCountry "AUT"]
[WhiteTeam "Spg. Sauwald"]
[BlackTeam "Strassenbahn Graz"]

1. d4 c5 2. d5 g6 3. e4 Bg7 4. Nf3 d6 5. Be2 Nf6 6. Nc3 Bg4 7. Nd2 Bd7 8. O-O
O-O 9. Re1 Na6 10. a4 Nb4 11. Nc4 a5 12. Bf4 Bc8 13. Bf3 Nd7 14. Nb5 Nb6 15.
Nxb6 Qxb6 16. c3 Na6 17. Qc2 Bd7 18. Na3 e5 19. Nc4 Qc6 20. Bd2 f5 21. Qb3 fxe4
22. Bxe4 Rab8 23. Qb6 Qxb6 24. Nxb6 Bf5 25. f3 Rf7 26. Nc4 Rd8 27. Nxa5 Nc7 28.
Nxb7 Rdd7 29. Na5 Ne8 30. Nc6 1-0

[Event "2. BUNDESLIGA MITTE 2014/2015"]
[Site "St. Veit"]
[Date "2015.02.28"]
[Round "7"]
[Board "1"]
[White "Huber, Martin Christian"]
[Black "Flumbort, Andras"]
[Result "1/2-1/2"]
[WhiteElo "2241"]
[BlackElo "2462"]
[PlyCount "67"]
[EventDate "2014.10.03"]
[EventType "team"]
[EventRounds "11"]
[EventCountry "AUT"]
[WhiteTeam "Schachfreunde Graz"]
[BlackTeam "ASK St. Valentin"]

1. d4 Nf6 2. c4 g6 3. Nc3 d5 4. cxd5 Nxd5 5. e4 Nxc3 6. bxc3 Bg7 7. Nf3 c5 8.
Be3 Qa5 9. Qd2 O-O 10. Rc1 cxd4 11. cxd4 Qxd2+ 12. Nxd2 Nc6 13. Nb3 f5 14. Bc4+
Kh8 15. e5 f4 16. Bd2 Rd8 17. Bxf4 Nxd4 18. Rd1 Ne6 19. Bxe6 Bxe6 20. Bg3 Rxd1+
21. Kxd1 a5 22. a4 b5 23. axb5 a4 24. Nc1 Rb8 25. Ne2 Rxb5 26. Kc2 Bxe5 27. Nc3
Bxc3 28. Kxc3 Kg7 29. Ra1 Ra5 30. Kb4 Ra8 31. Rxa4 Rxa4+ 32. Kxa4 Kf6 33. Kb4
g5 34. Kc3 1/2-1/2

[Event "2. BUNDESLIGA MITTE 2014/2015"]
[Site "St. Veit"]
[Date "2015.02.28"]
[Round "7"]
[Board "2"]
[White "Hajnal, Zoltan"]
[Black "Schnider, Gert"]
[Result "0-1"]
[WhiteElo "2350"]
[BlackElo "2338"]
[PlyCount "92"]
[EventDate "2014.10.03"]
[EventType "team"]
[EventRounds "11"]
[EventCountry "AUT"]
[WhiteTeam "ASK St. Valentin"]
[BlackTeam "Schachfreunde Graz"]

1. e4 c5 2. Nf3 d6 3. d4 cxd4 4. Nxd4 Nf6 5. Nc3 e5 6. Bb5+ Nbd7 7. Nf5 a6 8.
Bxd7+ Qxd7 9. Bg5 Nxe4 10. Nxg7+ Bxg7 11. Nxe4 O-O 12. Qxd6 f6 13. Be3 Qg4 14.
Ng3 f5 15. f3 Qc4 16. Bh6 Bxh6 17. Qxh6 Qb4+ 18. c3 Qxb2 19. O-O Qxc3 20. Nh5
Qc5+ 21. Kh1 Qe7 22. g4 fxg4 23. fxg4 Be6 24. h3 Rac8 25. Nf6+ Kh8 26. g5 Rc3
27. h4 Qg7 28. Qh5 b5 29. Rae1 Qb7+ 30. Re4 Rc4 31. Qh6 Rg8 32. Rfe1 Bf5 33.
Kg1 Bxe4 34. Nxe4 Rc6 35. Nf6 Qg7 36. Qxg7+ Rxg7 37. Kh1 Re7 38. Nd5 Ree6 39.
Rf1 Kg7 40. h5 Rc2 41. Ne3 Rxa2 42. Nf5+ Kg8 43. Rc1 Rf2 44. Rc8+ Kf7 45. Rc7+
Kf8 46. Ne3 Rf3 0-1

[Event "2. BUNDESLIGA MITTE 2014/2015"]
[Site "St. Veit"]
[Date "2015.02.28"]
[Round "7"]
[Board "3"]
[White "Jusic, Zdenko"]
[Black "Sandhoefner, Florian"]
[Result "0-1"]
[WhiteElo "2283"]
[BlackElo "2336"]
[PlyCount "55"]
[EventDate "2014.10.03"]
[EventType "team"]
[EventRounds "11"]
[EventCountry "AUT"]
[WhiteTeam "Schachfreunde Graz"]
[BlackTeam "ASK St. Valentin"]

1. e4 c5 2. Nf3 d6 3. d4 cxd4 4. Nxd4 Nf6 5. Nc3 a6 6. f4 e6 7. Qf3 Qb6 8. a3
Nc6 9. Nb3 Qc7 10. Bd3 b5 11. Bd2 Bb7 12. O-O Be7 13. Rae1 b4 14. Ne2 bxa3 15.
bxa3 d5 16. exd5 Nxd5 17. Qh3 Nf6 18. Rf3 O-O-O 19. Rg3 g6 20. Nc3 Rhe8 21. Kh1
Nh5 22. Rf3 Bxa3 23. g4 Nb4 24. Kg1 Nxd3 25. Rxd3 Nxf4 26. Bxf4 Qxf4 27. Ne4
Rxd3 28. Qxd3 {unleserlich 0-1 nach 53 Züge} 0-1

[Event "2. BUNDESLIGA MITTE 2014/2015"]
[Site "St. Veit"]
[Date "2015.02.28"]
[Round "7"]
[Board "4"]
[White "Theuretzbacher, Klaus"]
[Black "Kravanja, Georg"]
[Result "1/2-1/2"]
[WhiteElo "2240"]
[BlackElo "2221"]
[PlyCount "79"]
[EventDate "2014.10.03"]
[EventType "team"]
[EventRounds "11"]
[EventCountry "AUT"]
[WhiteTeam "ASK St. Valentin"]
[BlackTeam "Schachfreunde Graz"]

1. e4 c6 2. Nf3 d5 3. exd5 cxd5 4. Ne5 Nf6 5. d4 g6 6. Be2 Bg7 7. c3 a6 8. Bf4
Nfd7 9. Nd3 Nc6 10. Bf3 Nf6 11. Ne5 O-O 12. Nd2 Nd7 13. Nxd7 Qxd7 14. O-O e6
15. Nb3 b6 16. Re1 a5 17. a4 Ba6 18. h4 Ne7 19. h5 Nf5 20. Nc1 Qd8 21. Qd2 Nd6
22. b3 Rc8 23. Nd3 Re8 24. hxg6 hxg6 25. Ne5 Bf6 26. Ng4 Bg7 27. Bg5 f6 28. Bh6
Nf5 29. Bf4 Kf7 30. Rac1 Qd7 31. Qa2 Nh4 32. Bd1 Nf5 33. Bf3 Nh4 34. Be2 Bxe2
35. Qxe2 Nf5 36. Qf3 Rc6 37. Nh2 g5 38. Bd2 Qd6 39. Nf1 Rh8 40. Be3 1/2-1/2

[Event "2. BUNDESLIGA MITTE 2014/2015"]
[Site "St. Veit"]
[Date "2015.02.28"]
[Round "7"]
[Board "5"]
[White "Domarkaite, Laima"]
[Black "Tober, Gerhard"]
[Result "1/2-1/2"]
[WhiteElo "2129"]
[BlackElo "2229"]
[PlyCount "62"]
[EventDate "2014.10.03"]
[EventType "team"]
[EventRounds "11"]
[EventCountry "AUT"]
[WhiteTeam "Schachfreunde Graz"]
[BlackTeam "ASK St. Valentin"]

1. e4 c5 2. c3 d5 3. exd5 Qxd5 4. d4 Nf6 5. Nf3 e6 6. Na3 a6 7. Nc4 Nbd7 8. Ne3
Qc6 9. a4 b6 10. Bd3 Bb7 11. O-O Be7 12. Re1 O-O 13. Ne5 Nxe5 14. dxe5 Nd7 15.
f4 b5 16. c4 b4 17. Qc2 f5 18. exf6 Nxf6 19. b3 h6 20. Nf1 Rad8 21. Ra2 Qxg2+
22. Qxg2 Bxg2 23. Rxg2 Rxd3 24. Rxe6 Kf7 25. Rge2 Bd6 26. f5 Rd8 27. Bb2 Rxb3
28. Ne3 Bf4 29. Nd5 Nxd5 30. cxd5 Bg5 31. Rxa6 Rxd5 {
Rest nicht leserlich , Remis nach 65 Zügen} 1/2-1/2

[Event "2. BUNDESLIGA MITTE 2014/2015"]
[Site "St. Veit"]
[Date "2015.02.28"]
[Round "7"]
[Board "6"]
[White "Heimberger, Reinhard"]
[Black "Kastner, Walter"]
[Result "1/2-1/2"]
[WhiteElo "2254"]
[BlackElo "2230"]
[PlyCount "107"]
[EventDate "2014.10.03"]
[EventType "team"]
[EventRounds "11"]
[EventCountry "AUT"]
[WhiteTeam "ASK St. Valentin"]
[BlackTeam "Schachfreunde Graz"]

1. g3 d5 2. d4 Nf6 3. Bg2 g6 4. Nf3 Bg7 5. O-O O-O 6. Nbd2 Nc6 7. b3 Ne4 8. Bb2
Bf5 9. c4 Nxd2 10. Qxd2 Be4 11. cxd5 Qxd5 12. Rac1 Rfd8 13. Rfd1 a5 14. Qe1 Qd6
15. Nh4 Bxg2 16. Nxg2 Qb4 17. Rc4 Qb6 18. e3 a4 19. b4 a3 20. Bc3 Na7 21. d5
Bxc3 22. Qxc3 Nb5 23. Qc2 Rd7 24. e4 Rad8 25. Ne3 Qf6 26. Rc5 c6 27. Kg2 Nd4
28. Qd3 Qf3+ 29. Kg1 Ne6 30. Rc4 Ng5 31. Kf1 b5 32. Rxc6 Nxe4 33. Rc2 f5 34.
Ng2 Qxd3+ 35. Rxd3 Rxd5 36. Rxa3 Rd1+ 37. Ne1 Nd2+ 38. Ke2 Nc4 39. Ra7 R8d2+
40. Rxd2 Rxd2+ 41. Kf1 e5 42. Rb7 Rxa2 43. Rxb5 e4 44. Rc5 Nd2+ 45. Kg2 Ra1 46.
Rd5 Rxe1 47. Rxd2 Rb1 48. Rd8+ Kg7 49. Rb8 Rb2 50. Kf1 g5 51. Rb7+ Kg6 52. Rb6+
Kg7 53. Rb7+ Kg6 54. Rb6+ 1/2-1/2

[Event "2. BUNDESLIGA MITTE 2014/2015"]
[Site "St. Veit"]
[Date "2015.02.28"]
[Round "7"]
[Board "1"]
[White "Schachinger, Mario"]
[Black "Nemeth, Miklos"]
[Result "1/2-1/2"]
[WhiteElo "2414"]
[BlackElo "2472"]
[PlyCount "98"]
[EventDate "2014.10.03"]
[EventType "team"]
[EventRounds "11"]
[EventCountry "AUT"]
[WhiteTeam "SC MPOE Maria Saal II"]
[BlackTeam "SV Steyregg"]

1. d4 Nf6 2. c4 e6 3. Nf3 b6 4. g3 c6 5. Bg2 d5 6. Qc2 Be7 7. O-O O-O 8. Rd1
Bb7 9. Nc3 Na6 10. Ne5 Rc8 11. e4 dxc4 12. Nxc4 b5 13. Ne3 Qb6 14. e5 Nd5 15.
Qe2 Nac7 16. Ne4 c5 17. Qh5 cxd4 18. Ng4 f5 19. exf6 Nxf6 20. Nexf6+ Bxf6 21.
Nxf6+ Rxf6 22. Bxb7 Qxb7 23. Rxd4 Nd5 24. Qe2 Rcf8 25. Bg5 Rg6 26. h4 h6 27.
Qe4 Qf7 28. Be3 Rf6 29. Rd2 Nxe3 30. Qxe3 Rf3 31. Qc5 Rf5 32. Qe3 Rf3 33. Qc5
Rf5 34. Qc2 Rf3 35. Re1 Qf6 36. Qc5 Qg6 37. Qe5 Kh8 38. Qxe6 R3f6 39. Qe4 Qf7
40. Qe3 Qxa2 41. Qc5 a6 42. Re7 R6f7 43. Rxf7 Qxf7 44. Rd6 Re8 45. Qd4 Re6 46.
Rd8+ Kh7 47. Rd7 Qf6 48. Qxf6 Rxf6 49. Kg2 Rc6 1/2-1/2